[Event "FRA-ch op-D"]
[Site "Aix les Bains"]
[Date "2007.08.17"]
[Round "4"]
[White "Klein, Rene"]
[Black "Subits, Nicolas"]
[Result "0-1"]
[WhiteElo "1490"]
[BlackElo "1330"]
[PlyCount "48"]
[EventDate "2007.08.13"]
[EventType "swiss"]
[EventRounds "11"]
[EventCountry "FRA"]
[SourceTitle "CBM 120 Extra"]
[Source "ChessBase"]
[SourceDate "2007.11.01"]
[SourceVersion "1"]
[SourceVersionDate "2007.11.01"]
[SourceQuality "1"]

1. e4 e5 2. Nc3 Bb4 3. Nce2 Nf6 4. Ng3 0-0 5. c3 Bc5 6. h3 d5 7. exd5 Nxd5 8. d3 Bb6 9. Bd2 Re8 10. Qc2 Nf4 11. Be3 Nd7 12. 0-0-0 Bxe3+ 13. fxe3 Nd5 14. Qd2 Qg5 15. Ne4 Qxe3 16. Nf3 Qxd2+ 17. Rxd2 N7b6 18. b3 f5 19. Nf2 e4 20. dxe4 fxe4 21. Re2 Bf5 22. Nd4 e3 23. Rxe3 Nxe3 24. g4 Nxf1 0-1